The 5 Oceans of the World - Statistics

General Stats
  • This quiz has been taken 320 times
  • The average score is 4 of 5
Answers on the Map
Answers color-coded by a green-red scale on the quiz's map according to % correct below.
 
Answer Stats
Answer % Correct
Pacific
97%
Atlantic
94%
Indian
91%
Arctic
81%
Southern
61%
No matching quizzes found
Score Distribution
Percent of People with Each Score
Percentile by Number Answered
Your Score History
You have not taken this quiz